|
|
|
|
| LEADER |
00000cam a22000004a 4500 |
| 001 |
musev2_14959 |
| 003 |
MdBmJHUP |
| 005 |
20230905041632.0 |
| 006 |
m o d |
| 007 |
cr||||||||nn|n |
| 008 |
120926s2012 nyu o 00 0 eng d |
| 020 |
|
|
|a 9781438442785
|
| 020 |
|
|
|z 1438442777
|
| 020 |
|
|
|z 9781438442778
|
| 020 |
|
|
|z 1438442785
|
| 035 |
|
|
|a (OCoLC)809317786
|
| 040 |
|
|
|a MdBmJHUP
|c MdBmJHUP
|
| 100 |
1 |
|
|a Padilla, Yajaira M.
|
| 245 |
1 |
0 |
|a Changing Women, Changing Nation :
|b Female Agency, Nationhood, and Identity in Trans-Salvadoran Narratives /
|c Yajaira M. Padilla.
|
| 264 |
|
1 |
|a Albany :
|b State University of New York Press,
|c 2012.
|
| 264 |
|
3 |
|a Baltimore, Md. :
|b Project MUSE,
|c 2012
|
| 264 |
|
4 |
|c ©2012.
|
| 300 |
|
|
|a 1 online resource (254 pages).
|
| 336 |
|
|
|a text
|b txt
|2 rdacontent
|
| 337 |
|
|
|a computer
|b c
|2 rdamedia
|
| 338 |
|
|
|a online resource
|b cr
|2 rdacarrier
|
| 490 |
0 |
|
|a SUNY series in Latin American and Iberian thought and culture
|
| 505 |
0 |
|
|a Campesina as nation : feminine resistance and power in Manlio Argueta's Un día en la vida and Cuzcatlán : donde bate la mar del sur -- Making militants and mothers : rethinking the image of the guerillera in women's revolutionary testimonios -- Setting la diabla free : women, violence, and the struggle for representation in postwar El Salvador -- Hermanas lejanas : female immigrant subjectivities and the politics of voice in the Salvadoran transnational community -- Salvadoran-American sleuthing in the US south and beyond : Marcos McPeek Villatoro's Romilia Chacón mystery series.
|
| 546 |
|
|
|a English.
|
| 588 |
|
|
|a Description based on print version record.
|
| 650 |
|
7 |
|a Women in literature.
|2 fast
|0 (OCoLC)fst01177912
|
| 650 |
|
7 |
|a Salvadoran fiction.
|2 fast
|0 (OCoLC)fst01104380
|
| 650 |
|
7 |
|a Revolutionary literature, Salvadoran.
|2 fast
|0 (OCoLC)fst01096635
|
| 650 |
|
7 |
|a Literature.
|2 fast
|0 (OCoLC)fst00999953
|
| 650 |
|
7 |
|a Identity (Psychology) in literature.
|2 fast
|0 (OCoLC)fst00966910
|
| 650 |
|
7 |
|a American fiction
|x Hispanic American authors.
|2 fast
|0 (OCoLC)fst01766045
|
| 650 |
|
7 |
|a FICTION
|x General.
|2 bisacsh
|
| 650 |
|
6 |
|a Roman americain
|x Auteurs americains d'origine latino-americaine
|x Histoire et critique.
|
| 650 |
|
6 |
|a Identite (Psychologie) dans la litterature.
|
| 650 |
|
6 |
|a Femmes dans la litterature.
|
| 650 |
|
6 |
|a Litterature revolutionnaire salvadorienne
|x Histoire et critique.
|
| 650 |
|
6 |
|a Roman salvadorien
|x Histoire et critique.
|
| 650 |
|
0 |
|a American fiction
|x Hispanic American authors
|x History and criticism.
|
| 650 |
|
0 |
|a Identity (Psychology) in literature.
|
| 650 |
|
0 |
|a Women in literature.
|
| 650 |
|
0 |
|a Revolutionary literature, Salvadoran
|x History and criticism.
|
| 650 |
|
0 |
|a Salvadoran fiction
|x History and criticism.
|
| 651 |
|
7 |
|a El Salvador.
|2 fast
|0 (OCoLC)fst01205530
|
| 651 |
|
0 |
|a El Salvador
|x In literature.
|
| 655 |
|
7 |
|a Criticism, interpretation, etc.
|2 fast
|0 (OCoLC)fst01411635
|
| 655 |
|
7 |
|a Electronic books.
|2 local
|
| 710 |
2 |
|
|a Project Muse.
|e distributor
|
| 830 |
|
0 |
|a Book collections on Project MUSE.
|
| 856 |
4 |
0 |
|z Texto completo
|u https://projectmuse.uam.elogim.com/book/14959/
|
| 945 |
|
|
|a Project MUSE - Custom Collection
|
| 945 |
|
|
|a Project MUSE - 2012 Complete
|
| 945 |
|
|
|a Project MUSE - 2012 Literature
|
| 945 |
|
|
|a Project MUSE - 2012 Latin American and Caribbean Studies
|